Statistiques concernant Pays ayant les plus hauts volcans

Cliquez ici pour prendre le quiz!

Statistiques générales

  • Ce quiz a été pris 162 fois
    (104 depuis la dernière actualisation)
  • Le résultat moyen est 17 sur 26

Statistiques - réponses

Altitude du plus haut volcan (en m)Pays% Correct
5 005Etats-Unis (Mont Bona)
99%
6 893Chili (Ojos del Salado)
95%
3 776Japon (Mont Fuji)
95%
3 805Indonésie (Kerinci)
94%
5 808Chine (champ volcanique du Kunlun)
93%
5 642Russie (Elbrouz)
93%
6 893Argentine (Ojos del Salado)
88%
6 377Pérou (Coropuna)
87%
5 675Mexique (Pic d'Orizaba)
85%
5 364Colombie (Nevado del Huila)
83%
6 263Equateur (Chimborazo)
79%
6 542Bolivie (Sajama)
77%
5 892Tanzanie (Kilimandjaro)
73%
5 199Kenya (Mont Kenya)
70%
5 137Turquie (Mont Ararat)
64%
3 718Espagne (Teide)
54%
4 507République démocratique du Congo (Karisimbi)
52%
5 610Iran (Mont Damavand)
51%
4 220Guatemala (Tajumulco)
50%
5 047Géorgie (Mont Kazbek)
49%
4 095Arménie (Aragats)
46%
4 367Papouasie-Nouvelle-Guinée (Mont Giluwe)
42%
4 559Afghanistan (champ volcanique de Loman)
32%
4 127Ouganda (Muhavura)
29%
4 507Rwanda (Karisimbi)
26%
4 070Cameroun (Mont Cameroun)
21%

Distribution des résultats

Percentile par nombre de réponses

% des personnes avec chaque résultat

Votre développement - résultats

Vous n’avez pas pris ce quiz depuis la dernière actualisation